000
00324nam a22001457a 4500
003
SGT
020
_a
81-85386-50-1
082
_a
615
_b
WHO
100
_a
WHO
245
_a
BASIC TESTS FOR PHARMACEUTICAL DOSAGE FORMS
260
_a
INDIA
_b
AITBS PUB.
_c
2008
300
_a
129
650
_a
PHARMACEUTICAL
942
_2
ddc
_c
BK
999
_c
32917
_d
32917